000 00254nam a2200097Ia 4500
001 1101340
005 20250827003258.0
008 250824s9999 xx 000 0 und d
245 0 _aMADALYANUN İÇİ
_cGÜLSEREN BUDAYICIOĞLU
260 _bREMZİ KİTABEVİ
999 _c1101340
_d1101340